000 00385 a2200169 4500
001 72298
020 _a
040 _cAnchieta - Colégio São Paulo
100 _aSantos, Sebastião dos
240 1 0 _aA viagem do Pirilampo
_lpor
245 1 0 _aA viagem do Pirilampo
300 _a60
362 0 _a1990
440 1 _aPaulinas
650 4 _aLiteratura infanto-juvenil
942 _cBK
999 _c72298
_d72298